00455nam a22001457a 450000500170000002000320001703500130004903700130006224501080007526000450018330000190022870000220024770000210026970000190029020120608150527.0 a0195646568cRs. 295.00(hbk) aA-948871 aDPLbENG aHealth, poverty and development in India cedited by Monika Das Gupta, Lincoln C. Chen and T.N. Krishan aNew DelhibOxford University Pressc1998 a369p.c20 cms. aGupta, Monika Das a Chen, Lincoln C a Krishan, T.N.